00254nam a22000857a 4500082001900000100002800019245005800047260004100105300002200146 a345.491056 AWA aAwan, Hakim Amir Bakhsh aSuits & Defences 1947-2018 / cHakim Amir Bakhsh Awan aLahore :bMansoor Book House,c2018. a1312 p. ;c24 cm.